Central Library OPAC University of Rajshahi

The Penguin car handbook / (Record no. 73250)

MARC details
000 -LEADER
fixed length control field 00625nam a2200217 a 4500
001 - CONTROL NUMBER
control field 73250
003 - CONTROL NUMBER IDENTIFIER
rucl marc code BD-RjUL
005 - DATE AND TIME OF LATEST TRANSACTION
control field 20211209082352.0
008 - FIXED-LENGTH DATA ELEMENTS--GENERAL INFORMATION
fixed length control field 170529r1967 enkaf 001 0 eng
035 ## - SYSTEM CONTROL NUMBER
System control number (BD-RjUL)73468
040 ## - CATALOGING SOURCE
Original cataloging agency DLC
Transcribing agency DLC
Modifying agency BD-RjUL
Language of cataloging eng
041 ## - LANGUAGE CODE
Language code of text/sound track or separate title eng
082 00 - DEWEY DECIMAL CLASSIFICATION NUMBER
Classification number 629.2222
Edition number 23
Author mark and year IRP 1967
100 1# - MAIN ENTRY--PERSONAL NAME
Personal name Ireson, Robert,
Dates associated with a name 1929-
9 (RLIN) 216673
245 14 - TITLE STATEMENT
Title The Penguin car handbook /
Statement of responsibility, etc. Robert Ireson
260 ## - PUBLICATION, DISTRIBUTION, ETC. (IMPRINT)
Place of publication, distribution, etc. Harmondsworth :
Name of publisher, distributor, etc. Penguin,
Date of publication, distribution, etc. c1967
300 ## - PHYSICAL DESCRIPTION
Pagination 379 p. :
Illustrations ill. ;
Size 19 cm.
490 0# - SERIES STATEMENT
Series statement Penguin handbooks, PH55
650 #0 - SUBJECT ADDED ENTRY--TOPICAL TERM
Topical term or geographic name as entry element Automobiles
General subdivision Handbooks, manuals, etc.
9 (RLIN) 216674
942 ## - ADDED ENTRY ELEMENTS (KOHA)
Source of classification or shelving scheme Dewey Decimal Classification
Koha item type Books
Holdings
Lost status Source of classification or shelving scheme Damaged status Not for loan Collection code Permanent Location Current Location Shelving location Date acquired Cost, normal purchase price Total Checkouts Full call number Date last seen Copy number Koha item type
  Dewey Decimal Classification   Not For Loan Non-fiction Central Library, University of Rajshahi Central Library, University of Rajshahi Reading Room 09/12/2021 6.80   629.2222 IRP 1967 29/05/2017 C-1 Books